L´École Franco-Flamande (Record no. 4420)

MARC details
000 -CABECERA
campo de control de longitud fija 00780nam a2200217 a 4500
001 - NÚMERO DE CONTROL
campo de control BRCA_4722
005 - FECHA Y HORA DE LA ÚLTIMA TRANSACCIÓN
campo de control 20190320204758.0
008 - DATOS DE LONGITUD FIJA--INFORMACIÓN GENERAL
campo de control de longitud fija 751209s1941 sz-af#####---#000-0#fre-#
041 ## - CÓDIGO DE LENGUA
Código de lengua del texto/banda sonora o título independiente fre
044 ## - CÓDIGO DEL PAÍS DE LA ENTIDAD EDITORA/PRODUCTORA
Código MARC del país sz
050 #4 - SIGNATURA TOPOGRÁFICA DE LA BIBLIOTECA DEL CONGRESO
Número de clasificación ND545
Número de documento/Ítem .B35 1941
100 1# - ENTRADA PRINCIPAL--NOMBRE DE PERSONA
Nombre de persona Bazin, Germain René Michel
Fechas asociadas al nombre 1901-1990
9 (RLIN) 9325
245 10 - MENCIÓN DE TÍTULO
Título L´École Franco-Flamande
Resto del título XIX-XX siècles
Mención de responsabilidad, etc. texto de Germain Bazin.
260 ## - PUBLICACIÓN, DISTRIBUCIÓN, ETC.
Lugar de publicación, distribución, etc. Suiza
Nombre del editor, distribuidor, etc. Albert Skira Genéve
Fecha de publicación, distribución, etc. 1941
300 ## - DESCRIPCIÓN FÍSICA
Extensión 1 v. (sin paginación)
Otras características físicas il. a color, 10 láminas
Dimensiones 40 cm.
440 #0 - MENCIÓN DE SERIE/PUNTO DE ACCESO ADICIONAL--TÍTULO
Título Les trésors de la peinture francaise: Série des primitifs
Designación de volumen o secuencia 10, tomo 1
9 (RLIN) 11965
650 14 - PUNTO DE ACCESO ADICIONAL DE MATERIA--TÉRMINO DE MATERIA
Término de materia o nombre geográfico como elemento de entrada Pintura francesa
Subdivisión de forma Catálogos
9 (RLIN) 11966
650 14 - PUNTO DE ACCESO ADICIONAL DE MATERIA--TÉRMINO DE MATERIA
Término de materia o nombre geográfico como elemento de entrada Pintura flamenca.
Subdivisión de forma Álbumes de pinturas
9 (RLIN) 11967
651 #4 - PUNTO DE ACCESO ADICIONAL DE MATERIA--NOMBRE GEOGRÁFICO
Nombre geográfico Francia
Subdivisión general Pintura religiosa
9 (RLIN) 11968
942 ## - ELEMENTOS DE PUNTO DE ACCESO ADICIONAL (KOHA)
Fuente del sistema de clasificación o colocación Library of Congress Classification
Tipo de ítem Koha Libros
Holdings
Estado de retiro Estado de pérdida Estado dañado No para préstamo Localización permanente Ubicación/localización actual Fecha de adquisición Total de préstamos Signatura topográfica completa Código de barras Fecha visto por última vez Precio válido a partir de Tipo de ítem Koha
El ejemplar forma parte de la colección y puede ser consultado según las políticas vigentes.       Biblioteca del Museo Franz Mayer (Rogerio Casas-Alatriste) Biblioteca del Museo Franz Mayer (Rogerio Casas-Alatriste) 06/10/2010   ND545 .B35 1941 00630 22/03/2019 22/03/2019 Libros